Manchester United Captains in Premier League Era - Statistics

General Stats
  • This quiz has been taken 1,050 times
    571 since last reset
  • The average score is 10 of 12
Answer Stats
Season Nationality Answer % Correct
2023- POR Bruno Fernandes
98%
2010–2014 SRB Nemanja Vidić
95%
1997–2005 IRE Roy Keane
95%
2020-2023 ENG Harry Maguire
92%
2018–2019 ECU Antonio Valencia
90%
2014–2017 ENG Wayne Rooney
90%
1996–1997 FRA Eric Cantona
87%
2005–2010 ENG Gary Neville
86%
2017–2018 ENG Michael Carrick
67%
2019-2020 ENG Ashley Young
59%
1994–1996 ENG Steve Bruce
56%
1992–1994 ENG Bryan Robson
47%
No matching quizzes found
Score Distribution
Percent of People with Each Score
Percentile by Number Answered
Your Score History
You have not taken this quiz since the last reset